Normal view
MARC view
Entry Término temático
001 - NÚMERO DE CONTROL
- campo de control: 49414
003 - IDENTIFICADOR DEL NÚMERO DE CONTROL
- campo de control: OSt
005 - FECHA Y HORA DE LA ÚLTIMA TRANSACCIÓN
- campo de control: 20240305090041.0
008 - DATOS DE LONGITUD FIJA
- campo de control de longitud fija: 240305|| aca||aabn | a|a d
040 ## - FUENTE DE LA CATALOGACIÓN
- Centro catalogador/agencia de origen: OSt
- Centro/agencia transcriptor: OSt
150 ## - ENCABEZAMIENTO--TÉRMINO DE MATERIA
- Término de materia o nombre geográfico como elemento de entrada: Micaela Bastidas
670 ## - FUENTE DE DATOS ENCONTRADOS
- Cita de la fuente: Work cat.: (OSt): Ventura Valle, Mantaro 30466, Túpac el Eterno Amaru /, 2020